000 00735nam a22002417a 4500
005 20170124105920.0
010 _aB-82198
020 _a8180960080
_c300.00
035 _aB-82198
037 _bCen Lib/Ret
040 _aDPL
_bEN
082 _a361.614
_bJHA
100 _aJha,Manish K.
_94095
245 _aHuman rights :
_cby Manish K.Jha
_bagencies and agenda /
260 _aNew Delhi
_bSaloni Publishing House
_c2003
270 _a4675/21,Ansari Road,Dariya Ganj
_bNew Delhi
_e110002
300 _aix,139p.
_c22cm(Hb)
500 _aIncludes appendix
650 _aHuman Rights -- Movements
_94096
650 _aHuman Rights -- Organisations
_94097
700 _a
_973046
942 _2ddc
_cEN
_h361.614
_mJHA
999 _c123093
_d123093